000
00347nam a2200157Ia 4500
008
210210b1961 xxu||||| |||| 00| 0 eng d
041
_a
eng
082
_a
825/175
100
_a
CHASE (R)
245
_a
Walt Whitman
260
_a
Minneapolis
_b
-
_c
1961
650
_a
Whitman
650
_a
Walt
690
_a
English Criticism
906
_a
014492
999
_c
133675
_d
133675